|
|
|
|
| LEADER |
01285nam a2200289 a 4500 |
| 001 |
16635222 |
| 008 |
130122r20122011nyua b 001 0 eng d |
| 010 |
|
|
|a 2011004854
|
| 020 |
|
|
|a 9780415608459 (pbk.)
|
| 040 |
|
|
|a DNLM/DLC
|c DLC
|d DLC
|d BD-DhAAL
|
| 082 |
0 |
0 |
|a 612/.015
|2 22
|
| 100 |
1 |
|
|a Hames, B. D.
|
| 245 |
1 |
0 |
|a Biochemistry /
|c David Hames and Nigel Hooper.
|
| 250 |
|
|
|a 4th ed.
|
| 260 |
|
|
|a New York :
|b Garland Science,
|c c2011.[reprinted 2012]
|
| 300 |
|
|
|a vii, 473 p. :
|b ill. ;
|c 25 cm.
|
| 490 |
0 |
|
|a BIOS instant notes
|
| 504 |
|
|
|a Includes bibliographical references (p.[448]-452)and index.
|
| 541 |
1 |
|
|e 00026600
|
| 650 |
|
0 |
|a Biochemistry
|v Outlines, syllabi, etc.
|
| 650 |
1 |
2 |
|a Biochemical Phenomena
|v Outlines.
|
| 650 |
1 |
2 |
|a Biochemistry
|v Outlines.
|
| 700 |
1 |
|
|a Hooper, N. M.
|
| 852 |
1 |
|
|a Ayesha Abed Library
|j General Shelf.
|
| 999 |
|
|
|c 13151
|d 13151
|
| 952 |
|
|
|0 0
|1 0
|2 ddc
|4 0
|6 612_015000000000000_HAM
|7 0
|9 21888
|a BRACUL
|b BRACUL
|c GEN
|d 2013-01-28
|e Essence Science and Publishers
|g 672.00
|l 19
|m 186
|o 612.015 HAM
|p 3010026600
|r 2026-01-04
|s 2025-10-07
|t 1
|w 2013-01-28
|y BK
|
| 952 |
|
|
|0 0
|1 0
|2 ddc
|4 0
|6 612_000000000000000__015_HAM
|7 0
|9 21889
|a PHR
|b PHR
|c GEN
|d 2013-01-28
|e Essence Science and Publishers
|g 672.00
|l 8
|m 50
|o 612.015 HAM
|p 3010026601
|r 2016-11-21
|s 2016-09-19
|t 2
|w 2013-01-28
|y BK
|